
Library Catalogue

| 000 -LEADER | |
|---|---|
| fixed length control field | 02326nam a2200217Ia 4500 |
| 003 - CONTROL NUMBER IDENTIFIER | |
| control field | OSt |
| 005 - DATE AND TIME OF LATEST TRANSACTION | |
| control field | 20210629143853.0 |
| 008 - FIXED-LENGTH DATA ELEMENTS--GENERAL INFORMATION | |
| fixed length control field | 160316s2009 xxu||||| |||| 00| 0 eng d |
| 020 ## - INTERNATIONAL STANDARD BOOK NUMBER | |
| International Standard Book Number | 9781138267831 |
| 040 ## - CATALOGING SOURCE | |
| Transcribing agency | NLS |
| 082 ## - DEWEY DECIMAL CLASSIFICATION NUMBER | |
| Classification number | 340.115 GRI |
| 100 ## - MAIN ENTRY--PERSONAL NAME | |
| Personal name | Grillo Ralph |
| 245 ## - TITLE STATEMENT | |
| Title | Legal practice and cultural diversity |
| 260 ## - PUBLICATION, DISTRIBUTION, ETC. | |
| Place of publication, distribution, etc. | London |
| Name of publisher, distributor, etc. | Asghate Publishing House |
| Date of publication, distribution, etc. | 2009 |
| 300 ## - PHYSICAL DESCRIPTION | |
| Extent | 345p |
| Dimensions | xi |
| 365 ## - TRADE PRICE | |
| Price amount | Rs. 5,700 |
| 505 ## - FORMATTED CONTENTS NOTE | |
| Formatted contents note | Contents: <br/>Legal practice and cultural diversity: introduction, Roger Ballard, Alessandro Ferrari, Ralph Grillo, André J. Hoekema, Marcel Maussen and Prakash Shah; <br/>Cultural diversity: challenge and accommodation, Roger Ballard, Alessandro Ferrari, Ralph Grillo, André J. Hoekema, Marcel Maussen and Prakash Shah; <br/>Indian secular pluralism and its relevance for Europe, Werner Menski; Legal pluralism and differentiated morality: Shari'a in Ontario?, Veit Bader; <br/>Transforming to accommodate? Reflections on the Shari'a debate in Britain, Prakash Shah; Shari'a in a European context, Mathias Rohe; <br/>Objection, Your Honour! Accommodating niqab-wearing women in courtrooms, Natasha Bakht; The challenge of African customary laws to English legal culture, Gordon R. Woodman; <br/>Religious challenges to the secularized identity of an insecure polity: a tentative sociology of Québec's 'reasonable accommodation' debate, Jean-François Gaudreault-DesBiens; <br/>Does the Dutch judiciary pluralize domestic law?, André J. Hoekema; The influence of culture on the determination of damages: how cultural relativism affects the analysis of trauma, Alison Dundes Renteln; <br/>Jews and Muslims in France; changing responses to cultural and religious diversity, Martine Cohen; <br/>L'affaire du foulard in the shadow of the Strasbourg court: Article 9 and the public career of the veil in France, Claire de Galembert; <br/>The changing position of religious minorities in English law: the legacy of Begum, Russell Sandberg; <br/>Approaches to diversity in the domestic courts: Article 9 of the European Convention on Human Rights, Samantha Knights; Human rights in contexts of ethnic plurality: always a vehicle for liberation?, Roger Ballard; <br/>Index. |
| 650 ## - SUBJECT ADDED ENTRY--TOPICAL TERM | |
| Topical term or geographic name entry element | 1. Religious Minorities - Legal Status2. Legal Polycentricity |
| 700 ## - ADDED ENTRY--PERSONAL NAME | |
| Personal name | Ballard Roger |
| -- | Ferrari Alessandro |
| 942 ## - ADDED ENTRY ELEMENTS (KOHA) | |
| Source of classification or shelving scheme | Dewey Decimal Classification |
| Koha item type | BOOKs |
| Withdrawn status | Lost status | Damaged status | Not for loan | Home library | Current library | Shelving location | Date acquired | Cost, normal purchase price | Total Checkouts | Full call number | Barcode | Date last seen | Price effective from | Koha item type |
|---|---|---|---|---|---|---|---|---|---|---|---|---|---|---|
| . | . | 30.05.2017 | 5700.00 | 340.115 GRI | 27340 | 30.05.2017 | 30.05.2017 | BOOKs |